000 00245nam a2200097Ia 4500
001 1222338
005 20250827092846.0
008 250824s9999 xx 000 0 und d
245 0 _aANNA KARENİNA II CİLT
_cTOLSTOY
260 _bİSKELE YAYINCILIK
999 _c1222338
_d1222338